[Event "tm FRA 1st"]
[Site "France"]
[Date "1999.??.??"]
[Round "7"]
[White "Bissieres, Mathieu"]
[Black "Sulypa, Alexandre"]
[Result "0-1"]
[WhiteElo "2230"]
[BlackElo "2424"]
[Annotator "Avignon-Le Mans"]
[PlyCount "86"]
[EventDate "1999.??.??"]

1. e4 g6 2. Nc3 Bg7 3. f4 c5 4. g3 e6 5. Bg2 Ne7 6. Nf3 Nbc6 7. e5 d5 8. d4
cxd4 9. Nxd4 f6 10. Nxc6 bxc6 11. exf6 Bxf6 12. O-O Qb6+ 13. Kh1 O-O 14. Re1
Nf5 15. Qf3 Rb8 16. Rb1 Bg7 17. b3 e5 18. Na4 e4 19. Qe2 Qa5 20. Ba3 Ba6 21.
Qd1 Rfd8 22. Rc1 Bb5 23. c3 Bxa4 24. Bb4 Qb6 25. bxa4 a5 26. Ba3 Ne3 27. Qe2
Nc4 28. Be7 Re8 29. Bg5 Qc5 30. Rc2 Na3 31. Rcc1 Nc4 32. Rc2 Nb6 33. f5 gxf5
34. g4 Qc4 35. Qf2 fxg4 36. Qg3 Qd3 37. Qxg4 Qxc2 38. Bf6 Rb7 39. Rg1 Rf8 40.
Qe6+ Kh8 41. Qxc6 Rbf7 42. Bxg7+ Rxg7 43. Qxb6 Qxc3 0-1

[Event "tm FRA 1st"]
[Site "France"]
[Date "1999.??.??"]
[Round "7"]
[White "Bujisho, Benjamin"]
[Black "Blachier, Pierre"]
[Result "1-0"]
[WhiteElo "2270"]
[BlackElo "2135"]
[Annotator "Le Mans-Avignon"]
[PlyCount "83"]
[EventDate "1999.??.??"]

1. d4 Nf6 2. c4 g6 3. Nc3 Bg7 4. e4 d6 5. Be2 O-O 6. Bg5 h6 7. Be3 Nbd7 8. Qd2
Kh7 9. g4 e5 10. d5 Nc5 11. f3 a5 12. h4 Ne8 13. h5 g5 14. Bd1 Bd7 15. Nge2 a4
16. Ng3 Bf6 17. Be2 b6 18. Kf2 Ng7 19. Kg2 Qe7 20. Rhb1 Rfb8 21. Qd1 Qd8 22. b4
axb3 23. axb3 Rxa1 24. Rxa1 Ra8 25. b4 Rxa1 26. Qxa1 Nb3 27. Qa6 Nd4 28. Bd1
Qb8 29. Qa2 Qb7 30. Ba4 Bxa4 31. Qxa4 Qc8 32. Bc1 Qe8 33. Qa6 Nb3 34. Bb2 Nd4
35. Nd1 Qd7 36. Ne3 Bd8 37. Qa8 Bf6 38. Kf2 Bd8 39. Bxd4 exd4 40. Nef5 Nxf5 41.
Nxf5 Bf6 42. Qf8 1-0

[Event "tm FRA 1st"]
[Site "France"]
[Date "1999.??.??"]
[Round "7"]
[White "Vial, Patrick"]
[Black "Karr, Jean-Philippe"]
[Result "0-1"]
[WhiteElo "2190"]
[BlackElo "2347"]
[Annotator "Avignon-Le Mans"]
[PlyCount "78"]
[EventDate "1999.??.??"]

1. e4 c5 2. Nc3 Nc6 3. g3 g6 4. Bg2 Bg7 5. d3 d6 6. Be3 e6 7. Qd2 Qa5 8. Nge2
Nd4 9. O-O Nxe2+ 10. Qxe2 Ne7 11. Nd1 Nc6 12. c3 O-O 13. Qd2 Ne5 14. Bh6 Qa6
15. Bxg7 Kxg7 16. c4 Nc6 17. f4 Qa5 18. Nc3 Qd8 19. e5 Qd7 20. Bxc6 Qxc6 21.
Ne4 d5 22. Nd6 f5 23. h3 Bd7 24. g4 a6 25. Qf2 Qc7 26. g5 b6 27. Qh4 Bc6 28.
Qh6+ Kg8 29. h4 Qg7 30. Qxg7+ Kxg7 31. b3 h6 32. Rf2 hxg5 33. hxg5 Rh8 34. a4
dxc4 35. Rh2 Rxh2 36. Kxh2 Rh8+ 37. Kg3 cxb3 38. a5 bxa5 39. Nc4 a4 0-1

[Event "tm FRA 1st"]
[Site "France"]
[Date "1999.??.??"]
[Round "7"]
[White "Berthelot, Yannick"]
[Black "Duquesnoy, Jean-Philippe"]
[Result "1-0"]
[WhiteElo "2327"]
[BlackElo "2166"]
[Annotator "Le Mans-Avignon"]
[PlyCount "59"]
[EventDate "1999.??.??"]

1. e4 c5 2. Nf3 e6 3. d4 cxd4 4. Nxd4 Nf6 5. Nc3 d6 6. Be3 a6 7. f3 b5 8. Qd2
Nbd7 9. O-O-O Nb6 10. Qf2 Nfd7 11. Bd3 Bb7 12. g4 Rc8 13. Nce2 Nc4 14. Bxc4
Rxc4 15. h4 Be7 16. g5 Qa5 17. Kb1 d5 18. exd5 Bxd5 19. Nf4 Rxd4 20. Bxd4 Bxa2+
21. Kc1 e5 22. Nh5 O-O 23. Bxe5 Nxe5 24. Qd4 Bc4 25. Qxe5 Qa1+ 26. Kd2 Bb4+ 27.
Ke3 Bc5+ 28. Qxc5 Re8+ 29. Kf4 Qxb2 30. Qd4 1-0

[Event "tm FRA 1st"]
[Site "France"]
[Date "1999.??.??"]
[Round "7"]
[White "Piquemal, Christiane"]
[Black "Blot, Jerome"]
[Result "1/2-1/2"]
[WhiteElo "2050"]
[BlackElo "2253"]
[Annotator "Avignon-Le Mans"]
[PlyCount "73"]
[EventDate "1999.??.??"]

1. d4 Nf6 2. c4 g6 3. Nc3 Bg7 4. e4 d6 5. f4 O-O 6. Nf3 c5 7. d5 e6 8. Be2 exd5
9. cxd5 Bg4 10. h3 Bxf3 11. Bxf3 b5 12. O-O b4 13. Nb1 Nbd7 14. Nd2 Nb6 15. Qc2
Nfd7 16. Rb1 Qf6 17. Be2 Qd4+ 18. Kh1 Rae8 19. Bd3 c4 20. Bxc4 Nc5 21. Re1 Qf2
22. Rf1 Qe3 23. Bb5 Nxe4 24. Nxe4 Qxe4 25. Qxe4 Rxe4 26. Bc6 Re2 27. f5 gxf5
28. Bf4 Be5 29. Bb5 Re4 30. Bh6 Rb8 31. Rxf5 Nxd5 32. Bc6 Rh4 33. Bxd5 Rxh6 34.
Rxf7 Kh8 35. Rxa7 Rg6 36. Ra8 Rxa8 37. Bxa8 1/2-1/2

[Event "tm FRA 1st"]
[Site "France"]
[Date "1999.??.??"]
[Round "7"]
[White "Dacalor, Aurelie"]
[Black "Barret, Simon"]
[Result "1-0"]
[WhiteElo "2105"]
[BlackElo "299"]
[Annotator "Le Mans-Avignon"]
[PlyCount "67"]
[EventDate "1999.??.??"]

1. d4 Nf6 2. c4 c5 3. d5 b5 4. cxb5 a6 5. e3 axb5 6. Bxb5 Qa5+ 7. Nc3 Bb7 8.
Bc4 e6 9. Kf1 exd5 10. Nxd5 Nxd5 11. Bxd5 Bxd5 12. Qxd5 Qb5+ 13. Ne2 Nc6 14.
Qe4+ Be7 15. a4 Qa6 16. Bd2 d5 17. Qg4 O-O 18. f4 Bf6 19. Kf2 Bxb2 20. Rab1 Bf6
21. Ng3 Qc8 22. Qd1 g6 23. h4 Rb8 24. h5 c4 25. hxg6 hxg6 26. Rb5 c3 27. Bc1
Rxb5 28. axb5 Nb4 29. Ba3 Qc4 30. Bxb4 Qxb4 31. Qxd5 Rd8 32. Qc6 Rd2+ 33. Ne2
Qb2 34. Qe8+ 1-0

[Event "tm FRA 1st"]
[Site "France"]
[Date "1999.??.??"]
[Round "7"]
[White "Gurevich, Mikhail"]
[Black "Sadler, Matthew"]
[Result "1/2-1/2"]
[WhiteElo "2629"]
[BlackElo "2667"]
[Annotator "Gonfreville-Monaco"]
[PlyCount "28"]
[EventDate "1999.??.??"]

1. c4 e5 2. Nc3 Nc6 3. Nf3 Nf6 4. g3 Bc5 5. Bg2 d6 6. d3 O-O 7. O-O h6 8. a3 a5
9. e3 Bb6 10. Rb1 Be6 11. Qc2 Qd7 12. b4 axb4 13. axb4 Ne7 14. Bb2 Ng6 1/2-1/2

[Event "tm FRA 1st"]
[Site "France"]
[Date "1999.??.??"]
[Round "7"]
[White "Miralles, Gilles"]
[Black "Eliet, Nicolas"]
[Result "1/2-1/2"]
[WhiteElo "2491"]
[BlackElo "2408"]
[Annotator "Monaco-Gonfreville"]
[PlyCount "44"]
[EventDate "1999.??.??"]

1. e4 d5 2. exd5 Nf6 3. d4 Bg4 4. Be2 Bxe2 5. Qxe2 Qxd5 6. Nf3 e6 7. O-O Nc6 8.
Bf4 O-O-O 9. Nc3 Qf5 10. Be5 Nxe5 11. Nxe5 Nd5 12. Qf3 Qxf3 13. gxf3 Nxc3 14.
bxc3 Rd5 15. Nxf7 Rg8 16. Rfe1 Rf5 17. Ne5 Bd6 18. Nd3 Rg5+ 19. Kh1 Rf8 20.
Rxe6 Rh5 21. f4 Bxf4 22. Re7 Rxh2+ 1/2-1/2

[Event "tm FRA 1st"]
[Site "France"]
[Date "1999.??.??"]
[Round "7"]
[White "Nguyen, Kim-David"]
[Black "Sharif, Mershad"]
[Result "0-1"]
[WhiteElo "2110"]
[BlackElo "2475"]
[Annotator "Gonfreville-Monaco"]
[PlyCount "90"]
[EventDate "1999.??.??"]

1. e4 e6 2. d4 d5 3. Nc3 Nf6 4. Bg5 Bb4 5. e5 h6 6. Bd2 Bxc3 7. bxc3 Ne4 8. Bd3
Nxd2 9. Qxd2 c5 10. f4 Qa5 11. Nf3 Nc6 12. c4 dxc4 13. Bxc4 Qxd2+ 14. Kxd2 cxd4
15. Bb5 Bd7 16. Bxc6 Bxc6 17. Nxd4 Bd5 18. Nb5 Ke7 19. Nd6 g5 20. Rhf1 Raf8 21.
c3 f6 22. c4 Bxg2 23. Rf2 fxe5 24. Rxg2 Kxd6 25. fxe5+ Kxe5 26. Rb1 Rh7 27. Ke3
Rf5 28. Rb5+ Kd6 29. Rd2+ Kc6 30. Rdb2 Rhf7 31. Ke4 Rf1 32. Re2 Rc1 33. Re5 Re7
34. Kd4 Rd7+ 35. Ke3 Rd6 36. Kf3 Rxc4 37. Rxe6 g4+ 38. Kf2 b5 39. Re8 Ra4 40.
Ke3 Kb6 41. Rb2 Ka5 42. Re4 Rxe4+ 43. Kxe4 Ka4 44. Ke5 Rd1 45. Kf5 h5 0-1

[Event "tm FRA 1st"]
[Site "France"]
[Date "1999.??.??"]
[Round "7"]
[White "Efimov, Igor"]
[Black "Lefebvre, Herve"]
[Result "1-0"]
[WhiteElo "2494"]
[BlackElo "2119"]
[Annotator "Monaco-Gonfreville"]
[PlyCount "51"]
[EventDate "1999.??.??"]

1. d4 d5 2. c4 c6 3. e3 Nf6 4. Nc3 a6 5. c5 Bf5 6. Nge2 Ne4 7. Ng3 Nxg3 8. hxg3
e5 9. g4 Be6 10. Be2 Be7 11. dxe5 Bxc5 12. f4 Qb6 13. Na4 Bb4+ 14. Kf2 Qa7 15.
a3 Be7 16. b4 b5 17. Nc3 a5 18. Bb2 f6 19. exf6 Bxf6 20. g5 Be7 21. Bd3 Nd7 22.
Ne2 Bg4 23. Bxg7 Rg8 24. Bd4 c5 25. bxc5 Nxc5 26. Rxh7 1-0

[Event "tm FRA 1st"]
[Site "France"]
[Date "1999.??.??"]
[Round "7"]
[White "Gervais, Claire"]
[Black "Lebel, Julia"]
[Result "1-0"]
[WhiteElo "2201"]
[BlackElo "2073"]
[Annotator "Gonfreville-Monaco"]
[PlyCount "45"]
[EventDate "1999.??.??"]

1. d4 Nf6 2. c4 e6 3. Nc3 Bb4 4. Qc2 c5 5. dxc5 Na6 6. a3 Bxc3+ 7. Qxc3 Nxc5 8.
f3 d6 9. e4 O-O 10. Be3 Nfxe4 11. fxe4 Nxe4 12. Qc2 Qa5+ 13. Bd2 Qf5 14. Nf3
Bd7 15. Bd3 Bc6 16. Be3 Qg4 17. O-O e5 18. h3 Qg6 19. Nh4 Qh5 20. Nf5 Ng5 21.
Be2 Be4 22. Bxh5 Bxc2 23. Ne7+ 1-0

[Event "tm FRA 1st"]
[Site "France"]
[Date "1999.??.??"]
[Round "8"]
[White "Koch, Jean-Rene"]
[Black "Fressinet, Laurent"]
[Result "1-0"]
[WhiteElo "2485"]
[BlackElo "2424"]
[Annotator "Mulhouse-Montpellier"]
[PlyCount "69"]
[EventDate "1999.??.??"]

1. e4 c5 2. Nf3 Nc6 3. d4 cxd4 4. Nxd4 Qc7 5. Nc3 e6 6. Be2 a6 7. O-O Nf6 8.
Be3 Bb4 9. Na4 Be7 10. Nxc6 bxc6 11. Nb6 Rb8 12. Nxc8 Qxc8 13. Bd4 c5 14. Be5
Rb6 15. Qd3 O-O 16. c4 d6 17. Bc3 Nd7 18. f4 Bf6 19. Bxf6 Nxf6 20. b3 a5 21.
Rae1 e5 22. f5 a4 23. bxa4 Rb2 24. Qxd6 Rxa2 25. Bf3 Qb8 26. Qxb8 Rxb8 27. Ra1
Rc2 28. a5 Rxc4 29. a6 Rcb4 30. Ra5 Nd7 31. Rd1 Rd4 32. Rxd4 cxd4 33. a7 Ra8
34. Be2 Nb6 35. Rb5 1-0

[Event "tm FRA 1st"]
[Site "France"]
[Date "1999.??.??"]
[Round "8"]
[White "Touzane, Olivier"]
[Black "Popovic, Petar"]
[Result "1/2-1/2"]
[WhiteElo "2378"]
[BlackElo "2482"]
[Annotator "Montpellier-Mulhouse"]
[PlyCount "44"]
[EventDate "1999.??.??"]

1. d4 Nf6 2. c4 g6 3. Nc3 Bg7 4. Nf3 O-O 5. e4 d6 6. Be2 e5 7. O-O c6 8. Re1
exd4 9. Nxd4 Re8 10. Bf1 Ng4 11. h3 Qb6 12. hxg4 Qxd4 13. g5 Qxd1 14. Rxd1 Be5
15. g3 Nd7 16. Na4 Nb6 17. Nxb6 axb6 18. a4 Bg4 19. Rd3 c5 20. Kg2 Bd7 21. Rb3
Ra6 22. Rba3 Rea8 1/2-1/2

[Event "tm FRA 1st"]
[Site "France"]
[Date "1999.??.??"]
[Round "8"]
[White "Marzolo, Cyril"]
[Black "Prie, Eric"]
[Result "0-1"]
[WhiteElo "2435"]
[BlackElo "2467"]
[Annotator "Mulhouse-Montpellier"]
[PlyCount "86"]
[EventDate "1999.??.??"]

1. d4 d5 2. c4 c6 3. Nc3 Nf6 4. e3 a6 5. Nf3 b5 6. cxd5 cxd5 7. Ne5 Nbd7 8. Be2
e6 9. Nd3 Bb7 10. Bd2 Bd6 11. O-O O-O 12. b4 Nb6 13. a4 Bc6 14. axb5 axb5 15.
Ne5 Bxe5 16. dxe5 Nfd7 17. f4 Nc4 18. Rxa8 Qxa8 19. Bc1 Qa7 20. Bxc4 dxc4 21.
Qd2 Nb6 22. Qd4 Qb7 23. Rf2 Nd5 24. Nxd5 Bxd5 25. Bb2 Be4 26. Rd2 h6 27. h3 Ra8
28. Kh2 Qd5 29. Qc3 Bd3 30. Qc1 Ra4 31. Bc3 Qe4 32. Rb2 Ra3 33. Qe1 Qa8 34. Bd2
Qa4 35. Bc3 Ra1 36. Qd2 Rd1 37. Qf2 Qa3 38. Bd4 c3 39. Ra2 Qxb4 40. Ra8+ Kh7
41. Rc8 Rf1 42. Qa2 c2 43. Rxc2 Qe1 0-1

[Event "tm FRA 1st"]
[Site "France"]
[Date "1999.??.??"]
[Round "8"]
[White "Laclau, Daniel"]
[Black "Herb, Pascal"]
[Result "1/2-1/2"]
[WhiteElo "2292"]
[BlackElo "2356"]
[Annotator "Montpellier-Mulhouse"]
[PlyCount "20"]
[EventDate "1999.??.??"]

1. d4 Nf6 2. c4 e6 3. Nf3 a6 4. Nc3 d5 5. cxd5 exd5 6. Bg5 Be7 7. e3 O-O 8. Be2
Nbd7 9. O-O c6 10. Qc2 Re8 1/2-1/2

[Event "tm FRA 1st"]
[Site "France"]
[Date "1999.??.??"]
[Round "8"]
[White "Roser, Kevin"]
[Black "Sarthou, Gaetan"]
[Result "1-0"]
[WhiteElo "2319"]
[BlackElo "2336"]
[Annotator "Mulhouse-Montpellier"]
[PlyCount "61"]
[EventDate "1999.??.??"]

1. e4 c5 2. Nf3 Nc6 3. d4 cxd4 4. Nxd4 Nf6 5. Nc3 e5 6. Ndb5 d6 7. Bg5 a6 8.
Na3 b5 9. Nd5 Be7 10. Bxf6 Bxf6 11. c3 Rb8 12. Nc2 a5 13. a3 Bg5 14. Bd3 Ne7
15. Nce3 Bxe3 16. Nxe3 O-O 17. O-O Be6 18. Qe2 Qb6 19. Rfd1 Rfd8 20. Rd2 Qc5
21. Rad1 b4 22. axb4 axb4 23. Bc4 bxc3 24. bxc3 Bxc4 25. Nxc4 Ng6 26. g3 Rb3
27. Rd5 Qc7 28. Nxd6 Rdb8 29. c4 f6 30. Nb5 Qb6 31. Qa2 1-0

[Event "tm FRA 1st"]
[Site "France"]
[Date "1999.??.??"]
[Round "8"]
[White "Milliet, Sophie"]
[Black "Muller, Anne"]
[Result "1/2-1/2"]
[WhiteElo "1880"]
[BlackElo "2110"]
[Annotator "Montpellier-Mulhouse"]
[PlyCount "149"]
[EventDate "1999.??.??"]

1. e4 c5 2. Nc3 Nc6 3. f4 g6 4. Nf3 Bg7 5. Bb5 Nd4 6. Bd3 d6 7. Nxd4 cxd4 8.
Ne2 Nf6 9. c3 dxc3 10. dxc3 O-O 11. O-O Qc7 12. Qe1 b6 13. Qh4 Bb7 14. f5 d5
15. e5 Ne4 16. f6 exf6 17. exf6 Bh8 18. Bh6 Rfe8 19. Nd4 Qd6 20. Bg5 Qe5 21.
Bxe4 dxe4 22. Be3 Rad8 23. Rae1 Rd6 24. Bg5 Bc8 25. Re3 a6 26. g4 h6 27. Qxh6
Bxf6 28. Bf4 Qe7 29. Bxd6 Qxd6 30. Rh3 Bg7 31. Qh7+ Kf8 32. Qh4 Bb7 33. Qf2 Re7
34. Qe3 Qd7 35. Rg3 Qd5 36. Rg2 Bc8 37. h3 Bb7 38. Rgf2 b5 39. a3 a5 40. Kg2 b4
41. axb4 axb4 42. Kg1 bxc3 43. bxc3 Kg8 44. Rb2 Kh7 45. g5 Rc7 46. Rd2 Qa5 47.
Rc1 Qa3 48. Rdd1 Qa4 49. Qg3 Re7 50. Ra1 Qc4 51. Qe3 Rc7 52. Rdc1 Rd7 53. Rd1
Rc7 54. Rac1 Qa4 55. Rf1 Qc4 56. Rfd1 Qa4 57. Ne2 Qa5 58. c4 Rc5 59. h4 Qc7 60.
Qb3 Be5 61. Rc2 Bh2+ 62. Kf1 Rf5+ 63. Ke1 Rf3 64. Rc3 Bc6 65. Re3 Qa5+ 66. Rd2
Be5 67. c5 Qxc5 68. Rxf3 exf3 69. Qxf7+ Bg7 70. h5 Qxg5 71. Qxg6+ Qxg6 72.
hxg6+ Kxg6 73. Rd6+ Kf7 74. Rxc6 fxe2 75. Kxe2 1/2-1/2

[Event "tm FRA 1st"]
[Site "France"]
[Date "1999.??.??"]
[Round "8"]
[White "Hauchard, Arnaud"]
[Black "Vaisser, Anatoly"]
[Result "0-1"]
[WhiteElo "2524"]
[BlackElo "2559"]
[Annotator "Gonfreville-Auxerre"]
[PlyCount "80"]
[EventDate "1999.??.??"]

1. c4 f5 2. b3 e5 3. Bb2 Nc6 4. g3 Nf6 5. Bg2 Bc5 6. e3 d5 7. Ne2 d4 8. exd4
Nxd4 9. Nxd4 Bxd4 10. Bxd4 Qxd4 11. Nc3 c6 12. Ne2 Qd3 13. Qb1 Qd6 14. Qb2 O-O
15. d4 exd4 16. Qxd4 Qe7 17. Rd1 Re8 18. Bf3 a5 19. O-O a4 20. Nf4 axb3 21.
axb3 Ra3 22. Rd3 Qb4 23. Nh5 Nxh5 24. Bxh5 Rf8 25. Bd1 f4 26. gxf4 Qe7 27. Bc2
Ra2 28. Re3 Qh4 29. Rg3 Qh6 30. Bb1 Rxf4 31. Qd8+ Rf8 32. Qc7 Rd2 33. Be4 Bh3
34. Bg2 Bxg2 35. Rxg2 b5 36. cxb5 cxb5 37. Qc5 Rb8 38. Re1 Qf6 39. b4 Rd4 40.
Qe7 Qxe7 0-1

[Event "tm FRA 1st"]
[Site "France"]
[Date "1999.??.??"]
[Round "8"]
[White "Van Wely, Loek"]
[Black "Eliet, Nicolas"]
[Result "1/2-1/2"]
[WhiteElo "2636"]
[BlackElo "2408"]
[Annotator "Auxerre-Gonfreville"]
[PlyCount "85"]
[EventDate "1999.??.??"]

1. d4 d5 2. c4 Bf5 3. cxd5 Bxb1 4. Qa4+ c6 5. Rxb1 Qxd5 6. Nf3 Nd7 7. a3 Ngf6
8. g3 Qe4 9. Ra1 e5 10. Bg2 Nc5 11. Qc4 exd4 12. O-O Qe6 13. Qxe6+ Nxe6 14. b4
Rd8 15. Bb2 c5 16. Ne5 Nd5 17. Rfc1 Be7 18. Bh3 Ng5 19. Bf5 Nc3 20. Bxc3 dxc3
21. Rab1 cxb4 22. axb4 g6 23. h4 gxf5 24. hxg5 Rc8 25. Rb3 f6 26. gxf6 Bxf6 27.
Rbxc3 Rxc3 28. Rxc3 Bxe5 29. Re3 Kf7 30. Rxe5 Kf6 31. Ra5 a6 32. b5 axb5 33.
Rxb5 Re8 34. e3 Re7 35. Kg2 Rc7 36. Kf3 Re7 37. g4 fxg4+ 38. Kxg4 Kg6 39. Rb6+
Kg7 40. Kg5 h6+ 41. Rxh6 Re5+ 42. Kf4 Rxe3 43. Rb6 1/2-1/2

[Event "tm FRA 1st"]
[Site "France"]
[Date "1999.??.??"]
[Round "8"]
[White "Rausis, Igors"]
[Black "Cramling, Pia"]
[Result "1-0"]
[WhiteElo "2508"]
[BlackElo "2515"]
[Annotator "Gonfreville-Auxerre"]
[PlyCount "127"]
[EventDate "1999.??.??"]

1. d4 Nf6 2. Nf3 g6 3. c4 Bg7 4. g3 O-O 5. Bg2 d6 6. O-O c6 7. b3 Bf5 8. Nh4
Bxb1 9. Rxb1 d5 10. Qc2 Nbd7 11. Rd1 e6 12. a4 a5 13. Bd2 Ne8 14. e3 Ra7 15. b4
Nd6 16. cxd5 cxd5 17. bxa5 Nc4 18. Bb4 Re8 19. Bf1 Nxa5 20. Bb5 Nc6 21. Bxc6
bxc6 22. Qxc6 Qa8 23. Qxa8 Rexa8 24. a5 Bf6 25. Nf3 Bd8 26. Rdc1 Bxa5 27. Bxa5
Rxa5 28. Rb7 R5a7 29. Rcc7 Rxb7 30. Rxb7 Rd8 31. g4 h6 32. Kg2 g5 33. h4 f6 34.
Ra7 Nf8 35. Ne1 Rd7 36. Ra8 Kf7 37. Nd3 Rc7 38. Nc5 Re7 39. f4 Re8 40. Ra6 Re7
41. h5 Rc7 42. Kf3 Re7 43. Ke2 Rc7 44. Kd2 Re7 45. Ra8 Re8 46. Ra7+ Re7 47. Ra6
Rc7 48. Ra8 Re7 49. Rd8 Ra7 50. f5 Ke7 51. Rb8 exf5 52. gxf5 Ra2+ 53. Kd3 Rf2
54. Rb7+ Ke8 55. e4 g4 56. exd5 Rxf5 57. Ke4 Rg5 58. d6 g3 59. Re7+ Kd8 60. Rf7
Ke8 61. Re7+ Kd8 62. Nb7+ Kc8 63. Rc7+ Kb8 64. Nd8 1-0

[Event "tm FRA 1st"]
[Site "France"]
[Date "1999.??.??"]
[Round "8"]
[White "Gouret, Thierry"]
[Black "Bellon Lopez, Juan Manuel"]
[Result "0-1"]
[WhiteElo "2296"]
[BlackElo "2447"]
[Annotator "Gonfreville-Auxerre"]
[PlyCount "86"]
[EventDate "1999.??.??"]

1. c4 c5 2. Nf3 Nc6 3. Nc3 e5 4. g3 d6 5. Bg2 Nge7 6. O-O g6 7. Ne1 Be6 8. Nd5
Bg7 9. Nc2 Rb8 10. d3 O-O 11. Bg5 f6 12. Bd2 b5 13. b3 Qd7 14. Nce3 f5 15.
Nxe7+ Nxe7 16. Nd5 Bxd5 17. cxd5 e4 18. dxe4 Bxa1 19. Qxa1 Rbe8 20. Bh6 Rf7 21.
e5 dxe5 22. Qxe5 Nc8 23. Qc3 Rxe2 24. Qxc5 Nd6 25. Rc1 Rfe7 26. a4 Re1+ 27.
Rxe1 Rxe1+ 28. Bf1 f4 29. Qc3 Rxf1+ 30. Kxf1 Qh3+ 31. Ke2 Qxh6 32. Qf6 Qh5+ 33.
Kf1 Qd1+ 34. Kg2 Qxd5+ 35. Kg1 Nf5 36. gxf4 Qd1+ 37. Kg2 Qxb3 38. Qd8+ Kg7 39.
Qd7+ Kh6 40. axb5 Nh4+ 41. Kf1 Qc4+ 42. Ke1 Nf3+ 43. Kd1 Qd4+ 0-1

[Event "tm FRA 1st"]
[Site "France"]
[Date "1999.??.??"]
[Round "8"]
[White "Boudre, Jean-Pierre"]
[Black "Nguyen, Kim-David"]
[Result "1/2-1/2"]
[WhiteElo "2389"]
[BlackElo "2110"]
[Annotator "Auxerre-Gonfreville"]
[PlyCount "108"]
[EventDate "1999.??.??"]

1. e4 c5 2. Nf3 d6 3. d4 cxd4 4. Nxd4 Nf6 5. Nc3 g6 6. Be3 Bg7 7. f3 O-O 8. Qd2
Nc6 9. O-O-O Nxd4 10. Bxd4 Be6 11. h4 Qa5 12. Kb1 Rfc8 13. a3 Rab8 14. h5 Nxh5
15. Bxg7 Kxg7 16. g4 Nf6 17. Qh6+ Kg8 18. g5 Nh5 19. Nd5 Qd8 20. Nf4 Qf8 21.
Qxf8+ Rxf8 22. Nxh5 gxh5 23. Rxh5 f6 24. gxf6 Rxf6 25. Be2 Bf7 26. Rg1+ Rg6 27.
Rgh1 Rg7 28. Ra5 a6 29. f4 Rc8 30. Bd3 Bc4 31. Rah5 Bxd3 32. cxd3 Rg2 33. R1h2
Rcc2 34. Rg5+ Rxg5 35. Kxc2 Rg4 36. f5 d5 37. exd5 Rd4 38. Re2 Kf7 39. Re5 Kf6
40. Re6+ Kf7 41. Rh6 Rxd5 42. Rxh7+ Kf6 43. Kc3 Rxf5 44. Rh6+ Kf7 45. Rb6 Rc5+
46. Kd4 Rc7 47. Ke5 Ke8 48. d4 Kd7 49. d5 Kc8 50. Ke6 Rd7 51. a4 Rc7 52. Rb4
Rd7 53. Rd4 Kd8 54. Ke5 Rd6 1/2-1/2

[Event "tm FRA 1st"]
[Site "France"]
[Date "1999.??.??"]
[Round "8"]
[White "Lefebvre, Herve"]
[Black "Chevrier, Thomas"]
[Result "0-1"]
[WhiteElo "2119"]
[BlackElo "2156"]
[Annotator "Gonfreville-Auxerre"]
[PlyCount "80"]
[EventDate "1999.??.??"]

1. d4 f5 2. Nf3 Nf6 3. g3 e6 4. Bg2 Be7 5. O-O O-O 6. c3 d6 7. Qb3 Kh8 8. Ng5
d5 9. Bf4 Nh5 10. Nf3 Nxf4 11. gxf4 Bd6 12. e3 b6 13. Nbd2 Ba6 14. Rfe1 Nd7 15.
c4 c6 16. Rac1 Qe7 17. cxd5 cxd5 18. Bf1 Bxf1 19. Kxf1 h6 20. Ne5 Nxe5 21. dxe5
Bb4 22. Red1 Bxd2 23. Rxd2 Qh4 24. Rc7 Qxh2 25. Rdc2 Rad8 26. R2c6 d4 27. Rd6
dxe3 28. Qxe3 Rc8 29. Rdd7 Rxc7 30. Rxc7 Qh1+ 31. Ke2 Rd8 32. Rc1 Qd5 33. b3
Qa5 34. a4 Qb4 35. Rc4 Qa3 36. Qc3 Kh7 37. Rc7 Rd5 38. Rxa7 Rc5 39. Qg3 Rc2+
40. Kd3 Qxb3+ 0-1

[Event "tm FRA 1st"]
[Site "France"]
[Date "1999.??.??"]
[Round "8"]
[White "Nicoara, Malina"]
[Black "Theon, Pierre"]
[Result "1-0"]
[WhiteElo "2245"]
[BlackElo "2145"]
[Annotator "Auxerre-Gonfreville"]
[PlyCount "41"]
[EventDate "1999.??.??"]

1. d4 Nf6 2. c4 Nc6 3. Nc3 e5 4. d5 Ne7 5. e4 Ng6 6. Be3 Bb4 7. Bd3 O-O 8. f3
d6 9. Nge2 Nd7 10. Qd2 Bc5 11. Rb1 a5 12. Bc2 c6 13. a3 Qh4+ 14. g3 Bxe3 15.
Qxe3 Qh3 16. Kf2 f5 17. exf5 Nf6 18. Qg5 e4 19. fxg6 h6 20. Qh4 Qf5 21. Bxe4
1-0

[Event "tm FRA 1st"]
[Site "France"]
[Date "1999.??.??"]
[Round "8"]
[White "Gervais, Claire"]
[Black "Huguet, Bernard"]
[Result "1/2-1/2"]
[WhiteElo "2201"]
[BlackElo "2127"]
[Annotator "Gonfreville-Auxerre"]
[PlyCount "82"]
[EventDate "1999.??.??"]

1. d4 c5 2. d5 e5 3. c4 d6 4. Nc3 Be7 5. e3 f5 6. f4 e4 7. Nh3 Na6 8. Be2 Nf6
9. O-O O-O 10. Nf2 Bd7 11. g4 g6 12. g5 Ne8 13. Bd2 Nac7 14. Kg2 Rf7 15. Rh1 h5
16. gxh6 Rh7 17. Rg1 Rxh6 18. Kh1 Ng7 19. Qf1 Kf7 20. Qg2 Qh8 21. Ncd1 Qh7 22.
Bc3 b5 23. b3 b4 24. Bb2 a5 25. a3 Nge8 26. h3 Bf6 27. a4 Bxb2 28. Nxb2 Nf6 29.
Nbd1 Rh8 30. Kh2 Nce8 31. Rh1 Ng7 32. Kg1 Ngh5 33. Ra2 Rg8 34. Kf1 Qg7 35. h4
Ne8 36. Nh3 Nc7 37. Ng5+ Ke7 38. Ke1 Nf6 39. Kd2 Rgh8 40. Qg3 Nh7 41. Kc1 Nf6
1/2-1/2

[Event "tm FRA 1st"]
[Site "France"]
[Date "1999.??.??"]
[Round "8"]
[White "Bezold, Michael"]
[Black "Piket, Jeroen"]
[Result "1/2-1/2"]
[WhiteElo "2503"]
[BlackElo "2609"]
[Annotator "Noyon-Monaco"]
[PlyCount "177"]
[EventDate "1999.??.??"]

1. b3 e5 2. Bb2 d6 3. g3 Nf6 4. Bg2 Nc6 5. e3 g6 6. Ne2 Bg7 7. d4 O-O 8. O-O a5
9. a3 exd4 10. Nxd4 Bg4 11. Nxc6 bxc6 12. Qc1 Qd7 13. Bc3 Bh3 14. Qb2 Bxg2 15.
Kxg2 Qe6 16. Nd2 c5 17. Rae1 d5 18. a4 Rfe8 19. Qa1 Qc6 20. Kg1 h5 21. h4 Ra6
22. Bb2 Qb7 23. Qa3 Ne4 24. Nxe4 Bxb2 25. Qxb2 Rxe4 26. Rd1 Rd6 27. Qc3 Qb6 28.
Rd2 c6 29. Qd3 Rde6 30. Rfd1 Qb4 31. Qf1 Kh7 32. Qg2 Kg7 33. Qf1 Qc3 34. Qd3
Qf6 35. Kg2 Kh7 36. Qa6 Qc3 37. Rd3 Qb4 38. c3 Qxb3 39. Qxa5 Qc4 40. Qb6 Qxa4
41. Qxc5 Rc4 42. Qb6 Qa3 43. e4 Rexe4 44. Rf3 Kg7 45. Rxd5 Rxc3 46. Ra5 Qc1 47.
Rxc3 Qxc3 48. Rc5 Rc4 49. Ra5 Qd2 50. Qc7 Qd4 51. Qe5+ Qxe5 52. Rxe5 Kf6 53.
Re8 Rd4 54. Rc8 Rd6 55. Rc7 Ke6 56. Kf3 f5 57. Ke3 Kd5 58. Kd3 Ke5+ 59. Ke3 Kd5
60. Kd3 Kc5+ 61. Kc3 Re6 62. Rd7 Re4 63. Rg7 Rg4 64. Rd7 f4 65. Rd3 fxg3 66.
fxg3 Rc4+ 67. Kb3 Kb5 68. Re3 c5 69. Rf3 Ra4 70. Rf6 c4+ 71. Kb2 Ra6 72. Rf4
Kb4 73. g4 Re6 74. gxh5 Re2+ 75. Kc1 gxh5 76. Rf5 Kc3 77. Kb1 Rb2+ 78. Ka1 Rb4
79. Rxh5 Kc2 80. Ra5 c3 81. h5 Kd3 82. Rd5+ Kc4 83. Rg5 c2 84. Rg4+ Kd3 85.
Rg3+ Ke4 86. Rg1 Rb7 87. h6 Ke3 88. h7 Rxh7 89. Kb2 1/2-1/2

[Event "tm FRA 1st"]
[Site "France"]
[Date "1999.??.??"]
[Round "8"]
[White "Marciano, David"]
[Black "Afek, Yochanan"]
[Result "1-0"]
[WhiteElo "2521"]
[BlackElo "2362"]
[Annotator "Monaco-Noyon"]
[PlyCount "49"]
[EventDate "1999.??.??"]

1. e4 c5 2. Nf3 Nc6 3. c3 e6 4. d4 d5 5. exd5 exd5 6. Bb5 Bd6 7. dxc5 Bxc5 8.
O-O Nge7 9. Nbd2 O-O 10. Nb3 Bb6 11. Re1 Qd6 12. Be3 Bxe3 13. Rxe3 Bg4 14. h3
Bh5 15. Qd2 Rad8 16. Nfd4 Bg6 17. Bxc6 Nxc6 18. Rae1 Nxd4 19. Qxd4 Qa6 20. Nc5
Qb5 21. Re7 Qxb2 22. Ne6 f6 23. Nxf8 Rxf8 24. Qxd5+ Kh8 25. Qxb7 1-0